000 02097nam0a2200433 4500
001 RU\NLR\bibl\165711
005 20250618054814.0
010 _a5-88200-382-2
_950
021 _aRU
_b2001-12126
_9570
035 _a(NLR Aleph) 000162541
090 _a935161
_c935161
100 _a20010601d1998 |||y0rusy50 ca
101 0 _arus
102 _aRU
105 _ay |||||||||
200 1 _aБаллады Роберта Саути в контексте русской литературы XIX-первой четверти XX вв.
_eМонография
_fГ. Г. Подольская
_gМ-во образования Рос. Федерации, Астрах. гос. пед. ун-т
210 _aАстрахань
_cИзд-во Астрах. гос. пед. ун-та
_d1998
215 _a231 с.
_cил.
_d30
320 _aБиблиогр.: с. 221-231. Библиогр. в примеч.: с. 206-220
600 1 _aСаути
_bР.
_f1774 - 1843
_gРоберт
_xи русская литература
_92213796
_3RU\NLR\auth\661329757
600 1 _aСаути
_bР.
_f1774 - 1843
_gРоберт
_xи русская литература
_92213796
_3RU\NLR\auth\661329757
600 1 _aСаути
_bР
_f1774-1843
_gРоберт
_2psbo
606 0 _aРусская литература
_xСвязи с английской литературой
_9980285
_3RU\NLR\auth\6650365
610 0 _aБаллада (лит.) английская
610 0 _aАнглийская поэзия
610 0 _aРусско-английские литературные связи - история
675 _a821.111.09
_v3
_zrus
686 _a17
_2rugasnti
686 _a83.3(4Вел)
_2rubbk
686 _aШ5(2=Р)-318.3
686 _aШ5(4Вл)52-4Саути 418.3
700 1 _4070
_7ca
_8rus
_aПодольская
_bГ. Г.
_f1958-
_gГалина Геннадьевна
_9203172
_3RU\NLR\AUTH\770203223
801 0 _aRU
_bRKP
_c20010601
_gPSBO
801 1 _aRU
_bRKP
_c20010601
801 2 _aRU
_bNLR
_c20070416
_grcr
942 _cBOOK
980 _aNB